书目信息 |
| 题名: |
侦察科长札记
|
|
| 作者: | 郑波 著 | |
| 分册: | ||
| 出版信息: | 北京 国防大学出版社 2005.11 |
|
| 页数: | 343页 | |
| 开本: | 21cm | |
| 丛书名: | ||
| 单 册: | ||
| 中图分类: | I247.5 | |
| 科图分类: | ||
| 主题词: | 小说--中国 | |
| 电子资源: | ||
| ISBN: | 7-5626-1460-1 | |
| 000 | 00582nam0 2200205 450 | |
| 001 | 1142486640 | |
| 005 | 20111227114932.00 | |
| 010 | @a7-5626-1460-1@dCNY33.00 | |
| 100 | @a20111227d2005 km y0chiy0120 ea | |
| 101 | 0 | @achi |
| 102 | @aCN@b110000 | |
| 105 | @aa z 000yy | |
| 200 | 1 | @a侦察科长札记@Azhen cha ke zhang zha ji@f郑波著@Fzheng bo zhu |
| 210 | @a北京@c国防大学出版社@d2005.11 | |
| 215 | @a343页@c图@d21cm | |
| 606 | 0 | @a小说@x中国 |
| 690 | @aI247.5@v4 | |
| 701 | 0 | @a郑波@Azheng bo@4著 |
| 801 | 0 | @aCN@bZZRC@c20111227 |
| 905 | @a郑州市财税学校图书馆@dI247.5@eZ4291@f3 | |
| 侦察科长札记/郑波著.-北京:国防大学出版社,2005.11 |
| 343页:图;21cm |
| ISBN 7-5626-1460-1:CNY33.00 |
| ● |
| 相关链接 |
|
|
|
正题名:侦察科长札记
索取号:I247.5/Z4291
 
预约/预借
| 序号 | 登录号 | 条形码 | 馆藏地/架位号 | 状态 | 备注 |
| 1 | 1181336 | 211813368 | 文学库108/108文学库 42排4列4层/ [索取号:I247.5/Z4291] | 在馆 | |
| 2 | 1181337 | 211813377 | 文学库108/108文学库 42排4列4层/ [索取号:I247.5/Z4291] | 在馆 | |
| 3 | 1181338 | 211813386 | 文学库108/108文学库 42排4列4层/ [索取号:I247.5/Z4291] | 在馆 |